Diccionario enciclopédico de las letras de América Latina, DELAL. (Record no. 80560)

MARC details
000 -CABECERA
campo de control de longitud fija 00612nam a2200205 a 4500
005 - FECHA Y HORA DE LA ÚLTIMA TRANSACCIÓN
campo de control 20210219153559.0
008 - ELEMENTOS DE LONGITUD FIJA--INFORMACIÓN GENERAL
campo de control de longitud fija 010522s1995 mx r 000 0 spa d
020 ## - NÚMERO INTERNACIONAL NORMALIZADO PARA LIBROS
Número Internacional Estándar del Libro 9802763098 (O.C.)
035 ## - NÚMERO DE CONTROL DEL SISTEMA
Número de control de sistema UPN01000106648
049 ## - COLECCIÓN
Colección C
050 #4 - SIGNATURA TOPOGRÁFICA DE LA BIBLIOTECA DEL CONGRESO
Número de clasificación PQ7081
Número de documento/Ítem D5.3
245 00 - MENCIÓN DE TÍTULO
Título Diccionario enciclopédico de las letras de América Latina, DELAL.
260 ## - PUBLICACIÓN, DISTRIBUCIÓN, ETC.
Lugar de publicación, distribución, etc. Caracas :
Nombre del editor, distribuidor, etc. Biblioteca Ayacucho :
-- Monte Avila,
Fecha de publicación, distribución, etc. 1995
300 ## - DESCRIPCIÓN FÍSICA
Extensión 3 v. (5189 p.)
650 #4 - ASIENTO SECUNDARIO DE MATERIA - TERMINO TEMATICO
Término de materia o nombre geográfico como elemento de entrada LITERATURA LATINOAMERICANA -
Subdivisión de forma BIO-BIBLIOGRAFIA
710 2# - ASIENTO SECUNDARIO - NOMBRE CORPORATIVO
Nombre de entidad corporativa o nombre de jurisdicción como elemento de entrada DELAL
901 ## - ELEMENTOS DE DATOS A LOCAL LDA (RLIN)
a 173525 v.1/173526 v.2/173527 v.3
902 ## - ELEMENTOS DE DATOS B LOCAL, LDB (RLIN)
Creó LG/PGV
905 ## - TIPO DE MATERIAL
Tipo de material Libro
Holdings
Estado de retiro Estado de pérdida Fuente del sistema de clasificación o colocación Estado dañado No para préstamo Código de colección Localización permanente Ubicación/localización actual Ubicación en estantería Enumeración/cronología de publicación seriada Total de préstamos Clasificación Código de barras Fecha visto por última vez Número de copia Tipo de ítem Koha
    Library of Congress Classification   Consulta Consulta Bib. Gregorio Torres Quintero Bib. Gregorio Torres Quintero Sala de lectura Sótano v.2   C PQ7081 D5.3 173526 31/12/2020 1 Libro